000 00251nmm a2200097Ia 4500
008 220120s9999||||xx |||||||||||||||||und||
020 _a981-240-205-5
100 _aBurke, Richard, J
245 0 _aNetwork management
260 _aPearson education
_bBoston
999 _c139611
_d139611